000 00987nam a22002897a 4500
003 CHAP
005 20220329133921.0
008 971013s1974 r 00010 d
010 _a12664
011 _a13636
035 _a17708
040 _cCHAP
082 _a595.764
_bC3
100 0 0 _aCartwright, Oscar L.
_919668
245 _aAtaenius, Aphotaenius, and Pseudataenius of the United States and Canada (Coleoptera: Scarabaeidae: Aphodiinae
260 _aWashington :
_bSmithsonian Institution,
_c1974
300 _a106 p.
_b: ilus. ; gráfs.
490 _aSmithsonian contributions to zoology
_v; 154
590 _aBATCH-UPD
_b10
_c20130110
_lUCH01
_h0246
590 _aBATCH-UPD
_b10
_c20130110
_lUCH01
_h2026
590 _aCONVERSION
_b10
_c20130109
_lUCH01
_h1308
650 1 4 _aAphodiinae.
_96238
830 0 _aSmithsonian contributions to zoology
_v; 154
_9107173
901 _aBK
942 _cLIBRO
949 _a595.764 C3
_bBC
_cLIBRO
_d33724000369112
_eLIBRO
_h35404
_i17708
_mD
_si
999 _c12664
_d12664